Odbavovacia budova letiska

Gespeichert in:
Bibliographische Detailangaben
1. Verfasser: Drozda, Ľuboš (Verfasst von)
Weitere Verfasser: Dlhý, Dušan (Betreuung Doktorarbeit)
Format: Manuskript Buch
Sprache:Slowakisch
Veröffentlicht: 2015
Schlagworte:
Online-Zugang:http://is.stuba.sk/zp/portal_zp.pl?podrobnosti=109433
https://opac.crzp.sk/?fn=detailBiblioForm&sid=78283B71680DBAF21C4BD01D22D4
Tags: Tag hinzufügen
Keine Tags, Fügen Sie das erste Tag hinzu!

MARC

LEADER 00000ntm a22000003a 4500
001 stuzp51458
003 SK-STU
005 20231012100335.9
007 ta
008 150427s2015----xo-----f-mn---000-0-slo-d
040 |a STU  |b slo 
041 0 |a slo 
100 1 |a Drozda, Ľuboš  |u 010180  |4 aut  |U SvF Stavebná fakulta  |T SvF Katedra konštrukcií pozemných stavieb  |X 66871  |U V180  |Y 18  |7 A000066871 
242 0 1 |a The airport terminal building  |y eng 
245 1 0 |a Odbavovacia budova letiska 
260 |c 2015 
650 4 |a odbavovacia budova letiska  |2 slo 
650 4 |a realizačný projekt  |2 slo 
650 4 |a technická správa  |2 slo 
650 4 |a tepelno-technické posúdenie  |2 slo 
650 4 |a výkresová dokumentácia  |2 slo 
650 4 |a airport terminal building  |2 eng 
650 4 |a detailed design  |2 eng 
650 4 |a mechanical drawing documentation  |2 eng 
650 4 |a technical report  |2 eng 
650 4 |a thermo-technical assessment  |2 eng 
700 1 |a Dlhý, Dušan  |4 ths  |X 712  |7 A000000712 
856 4 |u http://is.stuba.sk/zp/portal_zp.pl?podrobnosti=109433 
856 4 |u https://opac.crzp.sk/?fn=detailBiblioForm&sid=78283B71680DBAF21C4BD01D22D4 
SQL |a stuzp51458  |b DDP  |c SLO  |d Odbavovacia budova letiska  |e 66871  |f Drozda, Ľuboš  |g 010180  |h 712  |i Dlhý, Dušan  |j 20150617  |k 8  |l 01  |m http://is.stuba.sk/zp/portal_zp.pl?podrobnosti=109433  |n I-AKP  |o 5.1.4. pozemné stavby